000
00224 a2200097 4500
001
29922
100
_a
Enan
245
_a
Decisive moments in the history of Islam
260
_a
_b
S M Ashraf Lahore
_c
090
_c
19923
_d
19923
942
_a
NUST-CAE
_c
M
_c
11028
999
_c
264995
_d
264995